Online Catalogue and eLibrary

Sri Lankawe manawa himikam pilibanda thathwaya (Record no. 5641)

MARC details
000 -LEADER
fixed length control field 00454nam a2200157Ia 4500
005 - DATE AND TIME OF LATEST TRANSACTION
control field 20250620032508.0
008 - FIXED-LENGTH DATA ELEMENTS--GENERAL INFORMATION
fixed length control field 240331s9999 xx 000 0 und d
020 ## - INTERNATIONAL STANDARD BOOK NUMBER
ISBN 9559062239
082 ## - DDC Classification
Item Number - Author Mark SRI
Class No. 322
245 #0 - TITLE STATEMENT
Title Sri Lankawe manawa himikam pilibanda thathwaya
260 ## - PUBLICATION, DISTRIBUTION, ETC.
Place of publication, distribution, etc. Colombo
Name of publisher, distributor, etc. Law & Social responsibility
Date of publication, distribution, etc. 1994
300 ## - PHYSICAL DESCRIPTION
Extent (e.g. Volumes, Pages etc.) 235 p .,
500 ## - GENERAL NOTE
General note Sri Lanka's Human Rights Situation
700 ## - ADDED ENTRY--PERSONAL NAME
Personal name Neethiya ha Samaja bharaya.
Relator term (Role) Editor
942 ## - Koha item type (Biblio)
Koha item type Books in Stacks (Lending)
Holdings
Lost status Damaged status Collection code Home library Current library Shelving location Date acquired Full call number Accession Number Item type
    Lending WERC Library WERC Library Social Science Cupboard 03/31/2024 322.6 SRI 6358 Books in Stacks (Lending)

© WERC Library